Catálogo
Digital

Catálogo
Digital

Riesgos en la construcción (Record no. 14172)

MARC details
000 -CABECERA
campo de control de longitud fija 02012nam a2200325 4500
003 - IDENTIFICADOR DEL NÚMERO DE CONTROL
campo de control EC-UNACH
005 - FECHA Y HORA DE LA ÚLTIMA TRANSACCIÓN
campo de control 20251113154657.0
006 - CÓDIGOS DE INFORMACIÓN DE LONGITUD FIJA--CARACTERÍSTICAS DEL MATERIAL ADICIONAL
campo de control de longitud fija s||||gr|||| 00| 00
008 - DATOS DE LONGITUD FIJA--INFORMACIÓN GENERAL
campo de control de longitud fija 150116t9999 mx r gr 000 0 spa d
020 ## - NÚMERO INTERNACIONAL ESTÁNDAR DEL LIBRO
Número Internacional Estándar del Libro 978-958-648-
040 ## - FUENTE DE LA CATALOGACIÓN
Centro catalogador/agencia de origen EC-UNACH
Centro/agencia transcriptor EC-UNACH
041 ## - CÓDIGO DE LENGUA
Código de lengua del texto/banda sonora o título independiente spa
082 04 - NÚMERO DE LA CLASIFICACIÓN DECIMAL DEWEY
Número de edición 23
Número de clasificación 620.86
Número de documento/Ítem L018460
100 ## - ENTRADA PRINCIPAL--NOMBRE DE PERSONA
Nombre de persona Henao Robledo, Fernando
245 ## - MENCIÓN DE TÍTULO
Título Riesgos en la construcción
250 ## - MENCIÓN DE EDICIÓN
Mención de edición Primera Edición
264 ## - Producción, publicación, distribución, fabricación y copyright
Lugar de producción, publicación, distribución, fabricación Bogotá - Colombia
Nombre del de productor, editor, distribuidor, fabricante Ecoe Ediciones
Fecha de de producción, publicación, distribución, fabricación o copyright 2008
300 ## - DESCRIPCIÓN FÍSICA
Extensión 235 páginas
Otras características físicas Gráficos
Dimensiones 24 x 17 centímetros
501 ## - NOTA DE "CON"
Nota de “Con” Incluye tabla de contenido
505 ## - NOTA DE CONTENIDO CON FORMATO
Nota de contenido con formato Políticas de Salud Ocupacional -- Organización de la Salud Ocupacional -- Encargo / supervisor de Salud Ocupacional -- Supervisores (maestros de obra, capataces) -- Trabajadores -- Comité Paritario de Salud Ocupacional/Vigia -- Gestión para un trabajo seguro en la construcción -- Marco legal -- Diversas profesiones de la construcción -- Riesgos primarios en oficios especializados de construcción -- Riesgos químicos -- Riesgos físicos -- Riesgos biológicos -- Riesgos Sociales -- Trastornos musculoesquelético -- Fichas toxicológicas y fichas de riesgo -- Control de la exposición -- Reducción de la concentración de la exposición -- Controles de ingeniería -- Controles medio ambientales -- Protección personal -- Instalaciones sanitarias y comedores -- Plan de obra -- Orden y aseo -- Reglas a seguir -- Riesgos de los clavos -- Excavaciones -- Protección al público -- Protección de las propiedades -- Cortes sin entibación: taludes -- Cortes con entibación -- Causas de accidentes -- Medidas de seguridad para impedir el derrumbamiento de las excavaciones y las caídas -- Inspección.
650 ## - PUNTO DE ACCESO ADICIONAL DE MATERIA--TÉRMINO DE MATERIA
Término de materia o nombre geográfico como elemento inicial NORMAS DE SEGURIDAD
650 ## - PUNTO DE ACCESO ADICIONAL DE MATERIA--TÉRMINO DE MATERIA
Término de materia o nombre geográfico como elemento inicial MONTAJES
650 ## - PUNTO DE ACCESO ADICIONAL DE MATERIA--TÉRMINO DE MATERIA
Término de materia o nombre geográfico como elemento inicial SOLDADURA
650 ## - PUNTO DE ACCESO ADICIONAL DE MATERIA--TÉRMINO DE MATERIA
Término de materia o nombre geográfico como elemento inicial USO DE VAPOR
650 ## - PUNTO DE ACCESO ADICIONAL DE MATERIA--TÉRMINO DE MATERIA
Término de materia o nombre geográfico como elemento inicial TUBERÍAS
942 ## - ELEMENTOS DE PUNTO DE ACCESO ADICIONAL (KOHA)
Fuente del sistema de clasificación o colocación Clasificación Decimal Dewey
Tipo de ítem Koha Libros
999 ## - NÚMEROS DE CONTROL DE SISTEMA (KOHA)
Koha biblionumber 14172
Holdings
Estado de pérdida Fuente del sistema de clasificación o colocación Estado dañado No para préstamo Localización permanente Ubicación/localización actual Ubicación en estantería Fecha de adquisición Fuente de adquisición Número de inventario Total de préstamos Signatura topográfica completa Código de barras Fecha visto por última vez Número de copia Precio válido a partir de Tipo de ítem Koha Centro de costos
  Clasificación Decimal Dewey     Biblioteca Campus Norte Biblioteca Campus Norte Ingeniería Civil 13/11/2025 DONACIÓN CGB.ITB-010-2025 327404   620.86 HEA L018460 L018460 13/11/2025 Ejemplar: 01 13/11/2025 Libros  

Powered by Koha